| 000 | 00000nam##2200000za#4500 |
| 001 | 9.568365 |
| 003 | CaOODSP |
| 005 | 20240215150447 |
| 007 | cr ||||||||||| |
| 008 | 150406|2002||||xxc|||||o f|0| 0 eng|d |
| 040 | |aCaOODSP|beng |
| 043 | |an-cn--- |
| 086 | 1 |aPS83-3/130E-PDF |
| 110 | 2 |aCorrectional Service Canada. |
| 245 | 13|aAn examination of healing lodges for federal offenders in Canada / |h[electronic resource]|c[by] Shelley Trevethan, Nicole Crutcher and Christopher Rastin. |
| 260 | |bCorrectional Service Canada |cNovember 2002. |
| 300 | |a119p.|bgraphs, references, tables, photographs |
| 490 | 1 |aResearch report|vR-130 |
| 590 | |a10-14-Supp|b2010-12-03 |
| 720 | 1 |aTrevethan, Shelley |
| 720 | 1 |aCrutcher, Nicole |
| 720 | 1 |aRastin, Christopher J. |
| 775 | 08|tÉtude sur les pavillons de ressourcement pour délinquants sous responsabilité fédérale au Canada / |w(CaOODSP)9.599654 |
| 830 | #0|aResearch report (Correctional Service Canada. Research Branch)|vR-130|w(CaOODSP)9.506063 |
| 856 | 40|ahttp://publications.gc.ca|qPDF|s590 KB|uhttps://publications.gc.ca/collections/collection_2010/scc-csc/PS83-3-130-eng.pdf|yR-130 |